000 00475nam a2200181Ia 4500
008 240925s9999 xx 000 0 und d
020 _a71123229
082 _a330 MCC
100 _aMcconnell , Compbell .R
245 0 _aEconomics: principles, problems, and policies
250 _aNA
260 _aBoston:
_bMC Graw-Hill
_c,2002.
300 _axiv,634p.
_bNA
_fPirated
500 _aIncludes Index
600 _aSocial Sciences
650 _aSocial Sciences
942 _cBK
999 _c6724
_d6724